Outline of History of Saiva philosophy. (Record no. 785028)

MARC details
000 -LEADER
fixed length control field 00671nam a2200241Ia 4500
003 - CONTROL NUMBER IDENTIFIER
control field OSt
005 - DATE AND TIME OF LATEST TRANSACTION
control field 20220928130009.0
008 - FIXED-LENGTH DATA ELEMENTS--GENERAL INFORMATION
fixed length control field 220927b |||||||| |||| 00| 0 eng d
037 ## - SOURCE OF ACQUISITION
Terms of availability Textual
040 ## - CATALOGING SOURCE
Original cataloging agency SDCL
Transcribing agency SDCL
Language of cataloging eng
041 ## - LANGUAGE CODE
Source of code eng
Language code of text/sound track or separate title eng
100 ## - MAIN ENTRY--PERSONAL NAME
Personal name Pandey Kanti Chandra
9 (RLIN) 472445
245 #0 - TITLE STATEMENT
Title Outline of History of Saiva philosophy.
260 ## - PUBLICATION, DISTRIBUTION, ETC.
Place of publication, distribution, etc. Delhi
Name of publisher, distributor, etc. Motilal Banarsidass
Date of publication, distribution, etc. 1954
300 ## - PHYSICAL DESCRIPTION
Extent xx,278p.
Dimensions cm.
700 ## - ADDED ENTRY--PERSONAL NAME
Personal name Dwivedi R C Ed.
9 (RLIN) 457138
942 ## - ADDED ENTRY ELEMENTS (KOHA)
Classification part Q23, J4
Koha item type Textual
Source of classification or shelving scheme Colon Classification (CC)
Holdings
Withdrawn status Lost status Damaged status Not for loan Home library Current library Date acquired Total Checkouts Full call number Barcode Date last seen Price effective from Koha item type
        South Campus Library South Campus Library 2022-09-28   Q23 J4 SC0504566 2022-09-28 2022-09-28 Textual
Copyright @ Delhi University Library System